000 00901cab a2200205 4500
001 ABS40401
008 090401t1989 xxu||||| |||| 00| 0 eng d
035 _a(Sirsi) u23561
041 _aeng
100 _aAbbett, J.
245 _aGuard against "gazunders" with bridging loan scheme
260 _c1989
350 _a0
490 _aFinancial Adviser
_v(90) 9 February 1989, 26(1)
520 _aNotes the entry of the "gazunder" to what is becoming a buyer`s market . Defines gazunder as someone who offers the asking price in a house purchase transaction and then drops it, offering substantially less leaving the vendor in the lurch. Illustrates a possible solution in the form of a bridging loan , describing the services offered by Home-Bridging, a subsidiary of the Collins Wilde Group.
650 _aFINANCE
690 _aPROPERTY LAW AND PRACTICE
942 _n0
948 _c04/03/1997
999 _c15753
_d15753